Artefacto/ (Record no. 3969)

MARC details
000 -LEADER
campo de control de longitud fija 01177nam a22003737a 4500
003 - IDENTIFICADOR DE NÚMERO DE CONTROL
campo de control OSt
005 - FECHA Y HORA DE LA ÚLTIMA TRANSACCIÓN
campo de control 20230629090831.0
008 - DATOS DE LONGITUD FIJA--INFORMACIÓN GENERAL
campo de control de longitud fija 170318s2016 gt||||| |||| 00| 0 spa d
040 ## - FUENTE DE CATALOGACIÓN
Centro/agencia transcriptor Lado V
082 04 - NÚMERO DE LA CLASIFICACIÓN DECIMAL DEWEY
Número de clasificación 700
Número de ítem J91a
100 ## - ENTRADA PRINCIPAL--NOMBRE DE PERSONA
Nombre de persona Juarez M., Juan Bautista
9 (RLIN) 861
Término indicativo de función/relación editor
245 10 - MENCIÓN DEL TÍTULO
Título Artefacto/
Resto del título Revista de Arte y Cultura en Blanco y Negro/
260 ## - PUBLICACIÓN, DISTRIBUCIÓN, ETC.
Lugar de publicación, distribución, etc. Nicaragua
Nombre del editor, distribuidor, etc. Artes Graficas y Ediciones
Fecha de publicación, distribución, etc. 1992
300 ## - DESCRIPCIÓN FÍSICA
Extensión 76p.
Dimensiones 22x28 cm
490 ## - MENCIÓN DE SERIE
Mención de serie 18
Designación de volumen o secuencia 1992
505 ## - NOTA DE CONTENIDO CON FORMATO
Nota de contenido con formato Maldición proferida
505 ## - NOTA DE CONTENIDO CON FORMATO
Nota de contenido con formato Don Carlos
505 ## - NOTA DE CONTENIDO CON FORMATO
Nota de contenido con formato La Agonía de Eros
505 ## - NOTA DE CONTENIDO CON FORMATO
Nota de contenido con formato Comercio Carnal
505 ## - NOTA DE CONTENIDO CON FORMATO
Nota de contenido con formato Mefistofilia
505 ## - NOTA DE CONTENIDO CON FORMATO
Nota de contenido con formato Ultimas conversaciones con José Gómez Sicre
505 ## - NOTA DE CONTENIDO CON FORMATO
Nota de contenido con formato Elegía Hembra
505 ## - NOTA DE CONTENIDO CON FORMATO
Nota de contenido con formato Ella
505 ## - NOTA DE CONTENIDO CON FORMATO
Nota de contenido con formato El Hombre que se Equivocó
505 ## - NOTA DE CONTENIDO CON FORMATO
Nota de contenido con formato Las Aventuras del Corazón de Jesús
505 ## - NOTA DE CONTENIDO CON FORMATO
Nota de contenido con formato Perpetuum Mobile
505 ## - NOTA DE CONTENIDO CON FORMATO
Nota de contenido con formato Ocurrencias
505 ## - NOTA DE CONTENIDO CON FORMATO
Nota de contenido con formato Libros
650 ## - PUNTO DE ACCESO ADICIONAL DE MATERIA--TÉRMINO DE MATERIA
Fuente del encabezamiento o término Tesauro de Arte & Arquitectura
Término de materia o nombre geográfico como elemento de entrada ARTE
650 ## - PUNTO DE ACCESO ADICIONAL DE MATERIA--TÉRMINO DE MATERIA
Fuente del encabezamiento o término Tesauro de Arte & Arquitectura
Término de materia o nombre geográfico como elemento de entrada CULTURA
650 ## - PUNTO DE ACCESO ADICIONAL DE MATERIA--TÉRMINO DE MATERIA
Fuente del encabezamiento o término Tesauro de Arte & Arquitectura
Término de materia o nombre geográfico como elemento de entrada LITERATURA
700 1# - ENTRADA AGREGADA--NOMBRE PERSONAL
Nombre de persona Svankmajer.
Término indicativo de función/relación ilustrador.
9 (RLIN) 5749
942 ## - ELEMENTOS DE ENTRADA SECUNDARIOS (KOHA)
Fuente del sistema de clasificación o colocación Clasificación Decimal Dewey
Tipo de ítem Koha Libros
Parte de la signatura que corresponde a la clasificación (Parte de la clasificación) 700
Parte de la signatura que identifica el ejemplar (Parte del ítem) J91a
Suprimir en OPAC No
Holdings
Estatus retirado Estado de pérdida Fuente del sistema de clasificación o colocación Especificación de materiales (volumen encuadernado u otra parte) Estado de daño No para préstamo Colección Biblioteca de origen Biblioteca actual Fecha de adquisición Enumeración/cronología de publicación seriada Número de inventario Total de préstamos Signatura topográfica completa Código de barras Visto por última vez Precio de reemplazo Tipo de ítem Koha
    Clasificación Decimal Dewey 1994     Revistas Biblioteca LadoV Biblioteca LadoV 29/06/2023 18 003543   700 J91a 003543 29/06/2023 29/06/2023 Libros